[Event "HCL-A062"]
[Site "www.playchess.de"]
[Date "2001.01.23"]
[Round "9"]
[White "chessnut"]
[Black "suffix"]
[WhiteElo "1700"]
[BlackElo "1885"]
[PlyCount "35"]
[Result "1/2-1/2"]

1.d4 d5 2.e3 c6 3.Bd3 Nf6 4.Nd2 Bg4 5.Ne2 Nbd7 
6.O-O e5 7.f3 Be6 8.c4 Be7 9.b3 O-O 10.Bb2 Qc7 
11.Qc2 e4 12.fxe4 Ng4 13.Rf4 Bg5 14.exd5 Nxe3 
15.Bxh7+ Kh8 16.Qe4 Nxd5 17.Rh4 N7f6 {in 18 move 
white force draw:)}  18.Bf5+ 1/2-1/2

[Event "HCL-B045"]
[Site "www.playchess.de"]
[Date "2001.01.23"]
[Round "21"]
[White "kherubim"]
[Black "Werner"]
[WhiteElo "1200"]
[BlackElo "1780"]
[PlyCount "136"]
[Result "1/2-1/2"]

1.d4 d5 2.c4 c6 3.Nf3 Nf6 4.Qc2 g6 5.Bf4 Bg7 6.e3 
O-O 7.Nc3 Be6 8.Ng5 Bg4 9.Qb3 b6 10.h3 Bc8 11.cxd5 
cxd5 12.Rc1 Bb7 13.Bd3 Nc6 14.Nf3 Rc8 15.O-O Na5 
16.Qa3 a6 17.b3 Nc6 18.Rc2 b5 19.Ne5 Nh5 20.Nxc6 
Rxc6 21.Bh2 f5 22.Rfc1 f4 23.Nd1 Rxc2 24.Rxc2 e5 
25.dxe5 Bxe5 26.Qc5 Qg5 27.Qb6 Rf7 28.Qe6 Qe7 
29.Qxe7 Rxe7 30.a4 b4 31.Kf1 Kf7 32.Rc5 Ng7 33.Ra5 
Bc7 34.Rc5 Ne6 35.Rc2 Kf6 36.h4 h6 37.Nb2 g5 
38.hxg5+ hxg5 39.Bg1 Bb6 40.Be2 fxe3 41.fxe3 Ng7 
42.Nd3 Nf5 43.Bf2 Nxe3+ 44.Bxe3 Rxe3 45.Nxb4 a5 
46.Nd3 d4 47.g4 Be4 48.Rd2 Ke7 49.Nf2 Bd5 50.Nd3 
Rh3 51.Bd1 Kd6 52.Nf2 Re3 53.Re2 Kc5 54.Rxe3 dxe3 
55.Nd3+ Kd4 56.Nb2 Be4 57.Nc4 Bd3+ 58.Kg2 Be4+ 
59.Kf1 Bd3+ 60.Kg2 e2 61.Bxe2 Bxe2 62.Nxb6 Bd1 
63.Nc4 Bxb3 64.Nxa5 Bd5+ 65.Kf2 Kd3 66.Ke1 Ke3 
67.Kd1 Kd3 68.Ke1 Ke3 1/2-1/2

[Event "HCL-B084"]
[Site "www.playchess.de"]
[Date "2001.01.23"]
[Round "2"]
[White "Mathemagician"]
[Black "dogman"]
[WhiteElo "1400"]
[BlackElo "1300"]
[PlyCount "79"]
[Result "1-0"]

1.e4 e5 2.Nf3 Nc6 3.d4 d6 4.dxe5 dxe5 5.Qxd8+ Kxd8 
6.Bb5 Nge7 7.O-O Bg4 8.Ng5 Ke8 9.f3 Bd7 10.Rd1 h6 
11.Nxf7 Kxf7 12.Rxd7 Nd4 13.Na3 Kf6 14.Rxc7 Ng6 
15.Rxb7 Bc5 16.Kf1 Rad8 17.c3 Nxb5 18.Nxb5 Rd1+ 
19.Ke2 Rhd8 20.Rc7 Nf4+ 21.Bxf4 Rxa1 22.Bxe5+ Kxe5 
23.Rxc5+ Kf6 24.Rc6+ Ke7 25.Ra6 Rb1 26.Rxa7+ Rd7 
27.Rxd7+ Kxd7 28.b4 Rb2+ 29.Kf1 Rxa2 30.Nd4 Ra3 
31.c4 Ra4 32.Nc2 Kc6 33.Ke2 Kd6 34.Kd3 Ra8 35.c5+ 
Kc6 36.Kc4 Ra4 37.Nd4+ Kb7 38.e5 Ra2 39.e6 Kc7 
40.b5 1-0

[Event "HCL-B098"]
[Site "www.playchess.de"]
[Date "2001.01.23"]
[Round "13"]
[White "markjburden"]
[Black "Gruhni"]
[WhiteElo "1280"]
[BlackElo "1410"]
[PlyCount "72"]
[Result "1/2-1/2"]

1.d4 e6 2.c4 c6 3.Bd2 d5 4.c5 Nd7 5.b4 Be7 6.Nc3 
e5 7.e3 e4 8.Be2 Ngf6 9.Qc2 O-O 10.a4 b6 11.f3 
exf3 12.Nxf3 Re8 13.O-O Bf8 14.Bd3 g6 15.Rae1 Bg7 
16.e4 dxe4 17.Nxe4 Nxe4 18.Bxe4 Bb7 19.Qa2 Nf6 
20.Bb1 Ba6 21.Rxe8+ Nxe8 22.Re1 Bxd4+ 23.Nxd4 
Qxd4+ 24.Kh1 Bc4 25.Qc2 Rd8 26.Bc3 Qd7 27.h3 Be6 
28.cxb6 axb6 29.a5 bxa5 30.bxa5 Qd5 31.Qe4 Nc7 
32.Qh4 Ne8 33.Bxg6 fxg6 34.Rxe6 Qxe6 35.Qxd8 Qe2 
36.a6 Qf1+ 1/2-1/2

[Event "HCL-B110"]
[Site "www.playchess.de"]
[Date "2001.01.23"]
[Round "21"]
[White "Drugo_Izdanje"]
[Black "Martin"]
[WhiteElo "1675"]
[BlackElo "1248"]
[PlyCount "63"]
[Result "1-0"]

1.e4 e5 2.d4 d6 3.Nf3 Bg4 4.dxe5 Nc6 5.Bb5 Nge7 
6.exd6 cxd6 7.O-O Qb6 8.Nc3 Ng6 9.Be3 Qc7 10.Nd5 
Qd8 11.Re1 Be7 12.Bxc6+ bxc6 13.Nxe7 Qxe7 14.h3 
Bd7 15.Bg5 Qe6 16.Nh4 O-O 17.Nf5 Rfe8 18.Nxd6 Reb8 
19.b3 Ne7 20.Qd2 Rb6 21.Rad1 c5 22.Nc4 Rb7 23.Bxe7 
Qxe7 24.Qd5 Rab8 25.Nd6 Rc7 26.Nf5 Qf6 27.Qd6 Qd8 
28.Ne7+ Kh8 29.Nf5 Rb6 30.Qe5 f6 31.Qg3 Qf8 
32.Qxc7 1-0

[Event "HCL-B111"]
[Site "www.playchess.de"]
[Date "2001.01.23"]
[Round "6"]
[White "roofus"]
[Black "msmsk"]
[WhiteElo "1353"]
[BlackElo "1534"]
[PlyCount "35"]
[Result "0-1"]

1.e4 d5 2.Qf3 dxe4 3.Qxe4 Nf6 4.Qe5 Nc6 5.Qf4 e5 
6.Qe3 Bd6 7.Nc3 O-O 8.Nf3 Re8 9.Bb5 Nd4 10.Nxd4 
exd4 11.Bxe8 dxe3 12.Bb5 exf2+ 13.Kxf2 Ng4+ 14.Kf1 
Qf6+ 15.Ke1 Qf2+ 16.Kd1 Qxg2 17.Re1 Qf3+ 
18.Be2 0-1

[Event "HCL-B115"]
[Site "www.playchess.de"]
[Date "2001.01.23"]
[Round "7"]
[White "Shanice"]
[Black "wuliao"]
[WhiteElo "1500"]
[BlackElo "971"]
[PlyCount "49"]
[Result "1-0"]

1.d4 d5 2.Nf3 Nf6 3.c4 e6 4.Nc3 b6 5.cxd5 exd5 
6.g3 Bd6 7.Bg2 c6 8.Bf4 Bxf4 9.gxf4 O-O 10.Ne5 Re8 
11.Qd3 Ba6 12.Qg3 Re6 13.Rg1 g6 14.f5 Rd6 15.h4 
Nbd7 16.fxg6 fxg6 17.Nxg6 hxg6 18.Qxd6 Qe8 19.h5 
Nxh5 20.Qxc6 Nf4 21.Bf3 Bd3 22.Qd6 Bxe2 23.Nxe2 
Nxe2 24.Rxg6+ Kf7 25.Bxd5+ 1-0

[Event "HCL-B118"]
[Site "www.playchess.de"]
[Date "2001.01.23"]
[Round "22"]
[White "sarek"]
[Black "class58"]
[WhiteElo "916"]
[BlackElo "1200"]
[PlyCount "32"]
[Result "0-1"]

1.e4 e5 2.Nf3 Nc6 3.Bc4 Na5 4.Bxf7+ Kxf7 5.Nxe5+ 
Ke7 6.Qh5 Qe8 7.Qg5+ Nf6 8.d4 h6 9.Ng6+ Kd8 
10.Qxa5 Qxe4+ 11.Be3 Qxg6 12.c3 Qxg2 13.Rf1 Ng4 
14.Nd2 Nxh2 15.O-O-O Nxf1 16.Rxf1 
b6 0-1

[Event "HCL-B119"]
[Site "www.playchess.de"]
[Date "2001.01.23"]
[Round "11"]
[White "DepthCharge"]
[Black "Gustavo58"]
[WhiteElo "1554"]
[BlackElo "1200"]
[PlyCount "31"]
[Result "1-0"]

1.e4 e5 2.Nf3 Nc6 3.d4 exd4 4.Nxd4 Nxd4 5.Qxd4 d6 
6.Nc3 Nf6 7.Bg5 Be7 8.Nd5 Nxd5 9.Bxe7 Nxe7 10.Qxg7 
Rg8 11.Qxh7 Be6 12.b3 Qd7 13.Qh6 O-O-O 14.Qe3 Kb8 
15.g3 f5 16.Bd3 1-0

[Event "HCL-B121"]
[Site "www.playchess.de"]
[Date "2001.01.23"]
[Round "8"]
[White "Gorodish"]
[Black "Riza"]
[WhiteElo "1675"]
[BlackElo "1307"]
[PlyCount "57"]
[Result "1-0"]

1.d4 Nf6 2.c4 e6 3.Nc3 Bb4 4.a3 Bxc3+ 5.bxc3 c5 
6.e3 O-O 7.Bd3 b6 8.e4 Bb7 9.Bg5 h6 10.h4 Re8 
11.e5 hxg5 12.exf6 Qxf6 13.Qh5 Qh6 14.hxg5 Qxh5 
15.Rxh5 Bxg2 16.f3 cxd4 17.cxd4 Nc6 18.Ra2 Nxd4 
19.Rxg2 d5 20.Rgh2 Kf8 21.R5h4 dxc4 22.Rxd4 cxd3 
23.Rd7 Kg8 24.Rd2 e5 25.R2xd3 e4 26.fxe4 Rxe4+ 
27.Kf2 Rg4 28.Nf3 a5 29.Rb7 1-0

[Event "HCL-B137"]
[Site "www.playchess.de"]
[Date "2001.01.23"]
[Round "4"]
[White "chrisg"]
[Black "peze"]
[WhiteElo "1419"]
[BlackElo "1904"]
[PlyCount "38"]
[Result "1/2-1/2"]

1.e4 e5 2.Nf3 Nf6 3.Nc3 Nc6 4.Bb5 Nd4 5.Nxd4 exd4 
6.e5 dxc3 7.exf6 Qxf6 8.dxc3 c6 9.Bd3 d5 10.O-O 
Be6 11.Qh5 g6 12.Bg5 Qxf2+ 13.Rxf2 gxh5 14.Bf6 
{Guten Morgen Peter, das Warten hat endlich ein 
Ende! Gruß Chris}  Rg8 {...aber mußt Du deshalb 
gleich so zuschlagen? Guten Morgen Chris! :-))}  
15.Bxh7 {Oh, sorry, aber ich wollte das Spiel doch 
nur ausgeglichen halten! Gruß Chris}  Rg4 {Nun 
denn, so sei es!}  16.Bf5 Bc5 17.Bxg4 Bxf2+ 
18.Kxf2 {Ich wünsche Dir einen schönen 
Schachabend! Gruß Chris}  hxg4 19.Re1 {Guten 
Morgen!}  Kd7 {Guten Morgen und Friedensangebot} 
 1/2-1/2

[Event "HCL-C067"]
[Site "www.playchess.de"]
[Date "2001.01.23"]
[Round "5"]
[White "JeanPierre"]
[Black "Knight"]
[WhiteElo "1604"]
[BlackElo "1000"]
[PlyCount "97"]
[Result "1-0"]

1.e4 e5 2.Bc4 Nf6 3.d3 d5 4.exd5 Nxd5 5.Qe2 Nc6 
6.Nf3 Bg4 7.Bb5 Bxf3 8.Qxf3 Qd6 9.O-O Be7 10.a3 
O-O 11.Bxc6 Qxc6 12.c4 Nf6 13.Qxc6 bxc6 14.Bd2 
Rad8 15.Bc3 e4 16.dxe4 Nxe4 17.Re1 Nxc3 18.Nxc3 
Bf6 19.Na4 Rd4 20.Rac1 Rd2 21.Rcd1 Rc2 22.Rdc1 
Rxc1 23.Rxc1 Re8 24.g3 Re2 25.Kf1 Bxb2 26.Rd1 Re8 
27.Nxb2 f6 28.Rd7 Rc8 29.Nd3 Kf8 30.Nc5 Rb8 
31.Ne6+ Ke8 32.Rxg7 Rb1+ 33.Kg2 Rc1 34.Nxc7+ Kd8 
35.Ne6+ Ke8 36.c5 a5 37.Ra7 Re1 38.Nd4 Re4 39.Nxc6 
Ra4 40.Rxa5 Rxa5 41.Nxa5 Kd7 42.Kf3 Ke6 43.Ke4 f5+ 
44.Kd4 h5 45.f4 Kf6 46.Kd5 Ke7 47.c6 Kd8 48.Kd6 
Kc8 49.Nb7 1-0

[Event "HCL-C099"]
[Site "www.playchess.de"]
[Date "2001.01.23"]
[Round "21"]
[White "kooldown"]
[Black "Christopher"]
[WhiteElo "800"]
[BlackElo "1131"]
[PlyCount "43"]
[Result "1-0"]

1.e4 e5 2.Nf3 Nf6 3.Nc3 Bb4 4.d3 Nc6 5.Be3 Bxc3+ 
6.bxc3 d5 7.exd5 Nxd5 8.c4 Nf6 9.Be2 e4 10.Nd4 
Nxd4 11.dxe4 Nc6 12.f3 Qxd1+ 13.Rxd1 O-O 14.O-O 
Nb4 15.Bc5 Re8 16.Bxb4 Be6 17.Rd2 Red8 18.Rfd1 
Rxd2 19.Rxd2 Nd7 20.f4 f6 21.f5 Bxc4 
22.Bxc4+ 1-0

[Event "HCL-C112"]
[Site "www.playchess.de"]
[Date "2001.01.23"]
[Round "8"]
[White "orange"]
[Black "Pietros"]
[WhiteElo "853"]
[BlackElo "1377"]
[PlyCount "44"]
[Result "0-1"]

1.e4 e5 2.Nf3 d5 3.d4 exd4 4.Nxd4 dxe4 5.Nc3 Bb4 
6.Bb5+ c6 7.Ba4 Ne7 8.O-O Bxc3 9.bxc3 O-O 10.c4 
Na6 11.c3 Qd6 12.Bc2 Qg6 13.Ba3 Bh3 14.Bxe4 Qxe4 
15.Nf3 Bxg2 16.Kxg2 Rfd8 17.Qe1 Qg4+ 18.Kh1 Qxf3+ 
19.Kg1 Nf5 20.Qe5 Rde8 21.Qa5 Re6 22.Qa4 
Rg6+ 0-1

[Event "HCL-C125"]
[Site "www.playchess.de"]
[Date "2001.01.23"]
[Round "1"]
[White "surak"]
[Black "heZZZie"]
[WhiteElo "1198"]
[BlackElo "1000"]
[PlyCount "51"]
[Result "1-0"]

1.e4 e5 2.Nf3 Nc6 3.Bc4 Nf6 4.Ng5 d5 5.exd5 b5 
6.Bxb5 Nxd5 7.d4 Bd7 8.Qf3 Qf6 9.Qxd5 h6 10.Nxf7 
Qxf7 11.Bxc6 Qxd5 12.Bxd5 O-O-O 13.dxe5 Bf5 14.c4 
Bb4+ 15.Bd2 Bxd2+ 16.Nxd2 Rhe8 17.O-O c6 18.Bxc6 
Rxe5 19.Bd5 Bd3 20.Rfd1 Rde8 21.Nf3 Rxd5 22.cxd5 
Be2 23.Rde1 Kd7 24.Nd4 Bd3 25.Rxe8 Kxe8 
26.Re1+ 1-0

[Event "HCL-C125"]
[Site "www.playchess.de"]
[Date "2001.01.23"]
[Round "29"]
[White "Stefan"]
[Black "surak"]
[WhiteElo "1439"]
[BlackElo "1198"]
[PlyCount "57"]
[Result "1-0"]

1.e4 e6 2.d4 d5 3.Nc3 Bb4 4.e5 c5 5.a3 Ba5 6.b4 
cxd4 7.Nb5 Bb6 8.Nd6+ Ke7 9.Nf3 Bc7 10.Bg5+ f6 
11.Nxc8+ Qxc8 12.exf6+ gxf6 13.Qxd4 Bb6 14.Qb2 d4 
15.Bh4 Qc3+ 16.Qxc3 dxc3 17.Bd3 Nh6 18.O-O Nf5 
19.Bxf5 exf5 20.Rfe1+ Kf7 21.Rad1 a5 22.Nd4 axb4 
23.axb4 Ra4 24.Nxf5 Rxb4 25.Nd6+ Kg6 26.g3 Nc6 
27.Re6 Rf8 28.Nxb7 Bxf2+ 29.Kxf2 1-0

[Event "HCL-C125"]
[Site "www.playchess.de"]
[Date "2001.01.23"]
[Round "33"]
[White "Stefan"]
[Black "MEATHEAD"]
[WhiteElo "1439"]
[BlackElo "1000"]
[PlyCount "81"]
[Result "1-0"]

1.e4 Nf6 2.e5 Ne4 3.d4 e6 4.Bd3 Nxf2 5.Kxf2 Qh4+ 
6.Kf1 Qxd4 7.Nf3 Qg4 8.Be3 Be7 9.Nc3 a6 10.Qd2 b6 
11.h3 Qg3 12.Bf2 Bg5 13.Qxg5 Qxg5 14.Nxg5 h6 
15.Nf3 a5 16.Kg1 Nc6 17.Kh2 Bb7 18.Rhf1 Rd8 19.Bg3 
d6 20.exd6 cxd6 21.Nb5 O-O 22.Nxd6 Ba8 23.Ne4 f5 
24.Nc3 f4 25.Bf2 Rdb8 26.Bb5 Nb4 27.Rac1 Rfe8 
28.Bxe8 Rxe8 29.Bxb6 Nc6 30.a3 Ne7 31.Ne5 Nc8 
32.Bxa5 g5 33.Rcd1 Ne7 34.Rd7 Nf5 35.Ra7 Ne3 
36.Rf2 Rc8 37.Rd2 Bxg2 38.Rdd7 f3 39.Rdg7+ Kf8 
40.Ng6+ Ke8 41.Rae7+ 1-0

[Event "HCL-C130"]
[Site "www.playchess.de"]
[Date "2001.01.23"]
[Round "4"]
[White "arsenic"]
[Black "Stefan"]
[WhiteElo "1280"]
[BlackElo "1463"]
[PlyCount "31"]
[Result "0-1"]

1.e4 d6 2.d4 Nf6 3.Nc3 g6 4.Nf3 Bg7 5.Be2 O-O 
6.Be3 Nbd7 7.Qd2 e5 8.dxe5 Nxe5 9.Rd1 Qe7 10.Bh6 
Re8 11.Bxg7 Kxg7 12.h4 h5 13.Qg5 Bg4 14.Nd5 Nxd5 
15.exd5 Nxf3+ 16.gxf3 0-1

[Event "HCL-C132"]
[Site "www.playchess.de"]
[Date "2001.01.23"]
[Round "12"]
[White "Tarahumara"]
[Black "sid317"]
[WhiteElo "1128"]
[BlackElo "693"]
[PlyCount "55"]
[Result "1-0"]

1.e4 e5 2.Qh5 g6 3.Qxe5+ Qe7 4.Qxh8 Nf6 5.d3 d5 
6.Bh6 Nbd7 7.g4 dxe4 8.Be2 exd3 9.cxd3 b6 10.Na3 
Bb7 11.f3 O-O-O 12.Bg5 Qb4+ 13.Kf1 Qxb2 14.Rb1 
Qxa3 15.Bxf6 Re8 16.Kg2 Qxa2 17.Re1 Nc5 18.Be7 Ne6 
19.Bxf8 Rxf8 20.Qxh7 Nf4+ 21.Kg3 g5 22.Qf5+ Ne6 
23.h4 Qd2 24.Nh3 Kd8 25.Nxg5 Ke7 26.d4 Nxd4 
27.Bb5+ Ne2+ 28.Rxe2+ 1-0

[Event "HCL-C138"]
[Site "www.playchess.de"]
[Date "2001.01.23"]
[Round "10"]
[White "chipc"]
[Black "O_Man"]
[WhiteElo "667"]
[BlackElo "990"]
[PlyCount "48"]
[Result "0-1"]

1.e4 Nc6 2.Nf3 d6 3.Bc4 Nf6 4.Ng5 d5 5.Bb5 Nxe4 
6.Nxe4 dxe4 7.Qe2 Bf5 8.g4 Bg6 9.Nc3 e6 10.Nxe4 a6 
11.Bxc6+ bxc6 12.d3 Qd5 13.Bf4 Rb8 14.b3 Bb4+ 
15.c3 Bxc3+ 16.Nxc3 Qxh1+ 17.Qf1 Qf3 18.Bxc7 Bxd3 
19.Ne2 Rb4 20.Rc1 Re4 21.Rc3 Rxe2+ 22.Kd1 Rxf2+ 
23.Kc1 {Welcome back! I had forgotten what bad 
shape I was in this game!}  Qe3+ {I have been 
fortunate in this one!}  24.Kd1 {Yes, you are to 
be congratulated on a well-played game here.}  
Qd2+ {thank you sir}  0-1

[Event "HCL-C151"]
[Site "www.playchess.de"]
[Date "2001.01.23"]
[Round "6"]
[White "O_Man"]
[Black "lsoule"]
[WhiteElo "1111"]
[BlackElo "599"]
[PlyCount "59"]
[Result "1-0"]

1.e4 c5 2.Bc4 Nc6 3.Nf3 e5 4.Nc3 Nf6 5.Ng5 d5 
6.exd5 Nd4 7.d6 Be6 8.Bxe6 Nxe6 9.Nxe6 fxe6 10.Qf3 
b6 11.Ne4 Nxe4 12.Qxe4 Bxd6 13.d3 O-O 14.h4 Rf4 
15.Bxf4 exf4 16.O-O-O e5 17.f3 Rc8 18.Rdg1 g6 
19.h5 g5 20.g3 b5 21.gxf4 exf4 22.h6 c4 23.Rxg5+ 
Qxg5 24.Qe6+ Kf8 25.Qxc8+ Ke7 26.Re1+ Be5 27.d4 
Qg3 28.Rxe5+ Kf7 29.Qe6+ Kf8 30.Rf5+ 1-0

[Event "ACL-A037"]
[Site "www.playchess.de"]
[Date "2001.01.23"]
[Round "1"]
[White "MarkusSSG"]
[Black "sargon"]
[WhiteElo "1768"]
[BlackElo "1500"]
[PlyCount "33"]
[Result "1-0"]

1.d4 d5 2.Bf4 Nf6 3.Nf3 e6 4.e3 c5 5.c3 Nc6 6.Nbd2 
cxd4 7.exd4 Be7 8.Bd3 O-O 9.O-O Nh5 10.Be3 Bd6 
11.Bxh7+ Kxh7 12.Ng5+ Kg6 13.Ndf3 Bf4 14.g4 Bxe3 
15.gxh5+ Kh6 16.fxe3 f6 17.Qc2 1-0

[Event "ACL-A060"]
[Site "www.playchess.de"]
[Date "2001.01.23"]
[Round "2"]
[White "johnk"]
[Black "chrisg"]
[WhiteElo "1500"]
[BlackElo "1762"]
[PlyCount "58"]
[Result "0-1"]

1.e4 c6 2.Nc3 d5 3.exd5 cxd5 4.d4 Bf5 5.Nf3 e6 
6.Bb5+ Nc6 7.O-O Bb4 8.Ne5 Nge7 9.a3 Bxc3 10.bxc3 
Qa5 11.a4 Qxc3 12.Be3 a6 13.Bd3 Nxe5 14.Bd2 Qxd4 
15.Ba5 Nxd3 16.cxd3 Nc6 17.Bc7 Bxd3 18.Re1 Rc8 
19.Bg3 Nb4 20.Ra3 Rc2 21.Qb1 O-O 22.Rb3 a5 23.Qd1 
Rfc8 24.Qf3 R2c1 25.Qe3 Qa1 26.f3 Rxe1+ 27.Bxe1 
{Velkommen! Back again.}  Rc2 {You too! It was a 
long time without playing chess here. I hope you 
have a nice begin in this year!}  28.h4 Re2 {have 
you learned german language last weeks? ;-))}  
29.Rxd3 {Leider, nichts alles! ;-) Mein schach 
spiel ist nicht zu gut auch. John}  Qxe1+ {Schach 
ist wie Lernen einer Sprache, viel Training! I 
hope you understand this! Chris} 
 0-1

[Event "ACL-A062"]
[Site "www.playchess.de"]
[Date "2001.01.23"]
[Round "19"]
[White "ictus"]
[Black "player27"]
[WhiteElo "1500"]
[BlackElo "1638"]
[PlyCount "43"]
[Result "0-1"]

1.e4 e5 2.Nf3 Nc6 3.Bc4 Nf6 4.Ng5 d5 5.exd5 Na5 
6.Bb5+ c6 7.dxc6 bxc6 8.Be2 h6 9.Nf3 e4 10.Ne5 Bd6 
11.f4 exf3 12.e.p Nxf3 13.O-O O-O 14.c5 Nc3 15.a6 
d4 16.Re8 dxc5 17.Bxc5+ Kh1 18.Bb7 Qxd8 19.Raxd8 
Bd3 20.Nc6 Bd2 21.Nb4 a3 22.Nxd3 0-1

[Event "ACL-A069"]
[Site "www.playchess.de"]
[Date "2001.01.23"]
[Round "3"]
[White "dzwonek"]
[Black "ggaarrii"]
[WhiteElo "1632"]
[BlackElo "1500"]
[PlyCount "39"]
[Result "1-0"]

1.d4 f5 2.c4 c6 3.Nc3 Nf6 4.Bf4 d6 5.Nf3 e6 6.e3 
Be7 7.Be2 O-O 8.O-O Ne4 9.Nxe4 fxe4 10.Nd2 d5 
11.f3 exf3 12.Nxf3 Nd7 13.Qc2 b6 14.Bd3 Nf6 
15.cxd5 cxd5 16.Rac1 Bd6 17.Be5 h6 18.Qc6 Bxe5 
19.Qxa8 Qd7 20.Nxe5 1-0

[Event "ACL-A075"]
[Site "www.playchess.de"]
[Date "2001.01.23"]
[Round "13"]
[White "Allesnehmer"]
[Black "chrisg"]
[WhiteElo "1500"]
[BlackElo "1780"]
[PlyCount "55"]
[Result "1-0"]

1.e4 c6 2.d4 d5 3.Nc3 dxe4 4.Nxe4 Nd7 5.Bd3 Ngf6 
6.Ng5 Qc7 7.N1f3 h6 8.Ne4 Nxe4 9.Bxe4 Nf6 10.Bd3 
Bg4 11.h3 Be6 12.Be3 Nd5 13.Qd2 Nxe3 14.Qxe3 Qb6 
15.O-O Qxb2 16.Rab1 Qxa2 17.Rxb7 Qd5 18.Ne5 Qd6 
19.Ra1 Rc8 20.Raxa7 g6 21.c4 Bf5 22.Nxc6 e6 {werde 
wohl bald aufgeben! Ein schönes Spiel mit einem 
würdigen Sieger! Gratulation!}  23.Bxf5 {merci. ab 
dem 15. zug gings für mich aufwärts}  gxf5 {Ja, 
ich hätte Bauer auf b2 nicht nehmen dürfen, 
deshalb bin ich auch nur Freizeitspieler!}  24.Ne5 
{bis zu diesem zug hat mir die stellung gar nicht 
gefallen.}  Be7 25.Rbxe7+ Qxe7 26.Rxe7+ Kxe7 
27.Qa3+ Kf6 28.Nd7+ 1-0

[Event "ACL-A045"]
[Site "www.playchess.de"]
[Date "2001.01.23"]
[Round "1"]
[White "sazex"]
[Black "Gruhni"]
[WhiteElo "1752"]
[BlackElo "1346"]
[PlyCount "63"]
[Result "1-0"]

1.e4 e5 2.Nf3 Nc6 3.Bc4 Bc5 4.c3 d6 5.O-O Nf6 6.d4 
exd4 7.cxd4 Bb6 8.d5 Ne5 9.Nxe5 dxe5 10.Bb5+ Bd7 
11.Bxd7+ Qxd7 12.Nc3 O-O 13.Qb3 Rab8 14.Bg5 Qg4 
15.Bxf6 gxf6 16.Kh1 Kh8 17.f3 Qg6 18.Qc2 Rfg8 
19.Rad1 Rg7 20.Na4 Rbg8 21.Nxb6 cxb6 22.Rf2 h5 
23.Qc7 f5 24.Qxe5 fxe4 25.fxe4 f6 26.Qxf6 Qxf6 
27.Rxf6 R7xg2 28.Rf5 R8g5 29.d6 Rxf5 30.Kxg2 Rf8 
31.e5 Kg8 32.e6 1-0

[Event "ACL-A045"]
[Site "www.playchess.de"]
[Date "2001.01.23"]
[Round "3"]
[White "Gruhni"]
[Black "player27"]
[WhiteElo "1346"]
[BlackElo "1724"]
[PlyCount "32"]
[Result "0-1"]

1.e4 e5 2.Nf3 Nc6 3.Bc4 Nf6 4.Nc3 Nxe4 5.Nxe4 d5 
6.Bxd5 Qxd5 7.d3 Bg4 8.h3 Bf5 9.Nc3 Bb4 10.a3 
Bxc3+ 11.bxc3 O-O-O 12.c4 Qd7 13.Bb2 e4 14.Nh4 
exd3 15.Qf3 Rhe8+ 16.Kf1 d2 0-1

[Event "ACL-A045"]
[Site "www.playchess.de"]
[Date "2001.01.23"]
[Round "4"]
[White "sazex"]
[Black "Yogibear"]
[WhiteElo "1752"]
[BlackElo "1920"]
[PlyCount "76"]
[Result "1/2-1/2"]

1.e4 c6 2.d4 d5 3.e5 Bf5 4.Bd3 Bxd3 5.Qxd3 e6 
6.Nf3 Qa5+ 7.c3 Qa6 8.Qxa6 Nxa6 9.a4 c5 10.b3 cxd4 
11.Nxd4 Nc5 12.Ke2 Rc8 13.b4 Nd7 14.f4 Be7 15.Rd1 
Nh6 16.h3 O-O 17.g4 Kh8 18.a5 a6 19.Ra2 Rc4 20.Be3 
Rfc8 21.f5 Nxe5 22.fxe6 fxe6 23.Nxe6 Ng6 24.Rxd5 
Re4 25.Nd4 Nf4+ 26.Kf3 Rxe3+ 27.Kxf4 Rxh3 28.g5 
Rf8+ 29.Ke4 Ng4 30.Re2 Rf1 31.Nd2 Rf2 32.Rd7 Rxc3 
33.Rxb7 g6 34.Rxf2 Nxf2+ 35.Kd5 Bxg5 36.N2f3 Bf6 
37.Rb6 Bxd4 38.Nxd4 Nd3 1/2-1/2

[Event "ACL-A045"]
[Site "www.playchess.de"]
[Date "2001.01.23"]
[Round "5"]
[White "Yogibear"]
[Black "Gruhni"]
[WhiteElo "1920"]
[BlackElo "1346"]
[PlyCount "73"]
[Result "1-0"]

1.c4 e5 2.g3 d5 3.cxd5 Qxd5 4.Nf3 Nc6 5.Nc3 Qd8 
6.Bg2 Bd7 7.O-O Nf6 8.d4 exd4 9.Nxd4 Bd6 10.Nxc6 
Bxc6 11.Bxc6+ bxc6 12.Qa4 Qd7 13.Bg5 Nd5 14.Rfd1 
Nxc3 15.bxc3 O-O 16.Rab1 Qe8 17.Be3 c5 18.Qc4 Qe7 
19.Rb7 Rfb8 20.Rdb1 Rxb7 21.Rxb7 Qe6 22.Qxe6 fxe6 
23.Rb5 a6 24.Ra5 c4 25.Kg2 Kf7 26.Kf3 e5 27.Ra4 
Ke6 28.Ke4 a5 29.Rxc4 Ra6 30.f4 exf4 31.gxf4 g6 
32.Kf3 Kf5 33.Bf2 a4 34.e4+ Ke6 35.e5 Ba3 36.Rxc7 
Rb6 37.Bxb6 1-0

[Event "ACL-A045"]
[Site "www.playchess.de"]
[Date "2001.01.23"]
[Round "6"]
[White "player27"]
[Black "Yogibear"]
[WhiteElo "1724"]
[BlackElo "1920"]
[PlyCount "37"]
[Result "1-0"]

1.e4 c5 2.Nf3 Nf6 3.Nc3 Nc6 4.d4 cxd4 5.Nxd4 e5 
6.Ndb5 d6 7.Bg5 a6 8.Na3 d5 9.Nxd5 Bxa3 10.bxa3 
Qa5+ 11.Qd2 Qxd2+ 12.Kxd2 Nxe4+ 13.Ke3 Nxg5 
14.Nc7+ Ke7 15.Nxa8 Bf5 16.Nb6 Nd4 17.Bd3 Rc8 
18.Nxc8+ Kd7 19.Nb6+ 1-0

[Event "ACL-A045"]
[Site "www.playchess.de"]
[Date "2001.01.23"]
[Round "7"]
[White "Goofy"]
[Black "sazex"]
[WhiteElo "1500"]
[BlackElo "1752"]
[PlyCount "54"]
[Result "0-1"]

1.d4 d5 2.Nf3 Nf6 3.c4 c6 4.Nc3 dxc4 5.a4 Bf5 
6.Ne5 e6 7.Nxc4 Bb4 8.f3 Nd5 9.Qb3 Qh4+ 10.g3 Qxd4 
11.e3 Qc5 12.e4 b5 13.axb5 cxb5 14.exd5 bxc4 
15.Bxc4 O-O 16.dxe6 Re8 17.Bd2 Bxe6 18.Bxe6 Rxe6+ 
19.Ne4 Nc6 20.Bxb4 Nxb4 21.Kf1 Qb5+ 22.Kg2 Qe2+ 
23.Nf2 Nc2 24.Qb7 Ne3+ 25.Kg1 Rd8 26.h4 Red6 
27.Rh2 R6d1+ 0-1

[Event "ACL-A045"]
[Site "www.playchess.de"]
[Date "2001.01.23"]
[Round "8"]
[White "Gruhni"]
[Black "Goofy"]
[WhiteElo "1346"]
[BlackElo "1500"]
[PlyCount "60"]
[Result "0-1"]

1.e4 c5 2.Bc4 e6 3.Nf3 a6 4.a4 d5 5.exd5 exd5 
6.Ba2 Be7 7.d4 Nf6 8.O-O O-O 9.h3 Nc6 10.c3 h6 
11.Re1 Qb6 12.dxc5 Bxc5 13.Re2 Ne4 14.Be3 Bxe3 
15.fxe3 Ng3 16.Re1 Qxb2 17.Nbd2 Be6 18.c4 Rad8 
19.Qb3 Qxb3 20.Bxb3 Nb4 21.Rec1 Ne2+ 22.Kh2 Nxc1 
23.Rxc1 dxc4 24.Bxc4 Nd3 25.Bxd3 Rxd3 26.e4 b5 
27.axb5 axb5 28.Rb1 Rc8 29.Rxb5 Rc2 30.Nf1 
Rxf3 0-1

[Event "ACL-A045"]
[Site "www.playchess.de"]
[Date "2001.01.23"]
[Round "10"]
[White "Yogibear"]
[Black "Goofy"]
[WhiteElo "1920"]
[BlackElo "1500"]
[PlyCount "51"]
[Result "1/2-1/2"]

1.c4 Nf6 2.g3 c6 3.Nf3 d5 4.cxd5 cxd5 5.Bg2 e6 
6.O-O Be7 7.d4 O-O 8.Nc3 Nc6 9.Bf4 Bd7 10.Ne5 Be8 
11.e3 Nxe5 12.dxe5 Nd7 13.e4 dxe4 14.Bxe4 Qb6 
15.Qc2 f5 16.exf6 e.p 17.Nxf6 Be3 18.Qc7 Qb3 
19.Bf7 Rac1 20.Nxe4 Nxe4 21.Qe5 Qxb7 22.Rab8 Qxe7 
23.Qxe4 b3 24.e5 Rc7 25.Rbe8 Qd7 
26.Red8 1/2-1/2

[Event "ACL-A045"]
[Site "www.playchess.de"]
[Date "2001.01.23"]
[Round "11"]
[White "sazex"]
[Black "vrad"]
[WhiteElo "1752"]
[BlackElo "1500"]
[PlyCount "79"]
[Result "1-0"]

1.e4 e5 2.Nf3 Nc6 3.Bb5 a6 4.Ba4 Nf6 5.O-O b5 
6.Bb3 d6 7.Ng5 d5 8.exd5 Nd4 9.d6 Nxb3 10.dxc7 
Qxc7 11.axb3 Bg4 12.f3 Bf5 13.Nc3 Bc5+ 14.Kh1 O-O 
15.Nge4 Nxe4 16.fxe4 Be6 17.d3 b4 18.Nb1 Bd4 
19.Nd2 f5 20.exf5 Rxf5 21.Rxf5 Bxf5 22.Nc4 Qc6 
23.Qe2 e4 24.dxe4 Bxe4 25.Be3 Bf6 26.Rd1 Bd5 
27.Nb6 Rd8 28.Nxd5 Rxd5 29.Rxd5 Qxd5 30.Bd2 h6 
31.Bxb4 Bxb2 32.c4 Qd4 33.h3 Bc1 34.Qf3 Bf4 35.Bc3 
Qd6 36.b4 Bd2 37.c5 Qd8 38.Be5 Kh8 39.c6 Bxb4 
40.c7 1-0

[Event "ACL-A045"]
[Site "www.playchess.de"]
[Date "2001.01.23"]
[Round "12"]
[White "vrad"]
[Black "Gruhni"]
[WhiteElo "1500"]
[BlackElo "1346"]
[PlyCount "45"]
[Result "1-0"]

1.e4 e5 2.Nf3 Nc6 3.Bb5 Nf6 4.O-O Bc5 5.d3 d6 
6.Nc3 O-O 7.h3 Bd7 8.Bg5 h6 9.Bh4 Nd4 10.Bxf6 gxf6 
11.Bxd7 Qxd7 12.Nd5 Qd8 13.Nh4 Kh7 14.c3 Ne6 
15.Qf3 Ng5 16.Qh5 Rg8 17.Nf5 Rg6 18.Nde7 Qf8 
19.Qg4 Nxh3+ 20.Qxh3 Rg5 21.Nd5 Kg6 22.Nxc7 Rc8 
23.Nd5 1-0

[Event "ACL-A045"]
[Site "www.playchess.de"]
[Date "2001.01.23"]
[Round "13"]
[White "player27"]
[Black "vrad"]
[WhiteElo "1724"]
[BlackElo "1500"]
[PlyCount "73"]
[Result "1-0"]

1.e4 c6 2.d4 d5 3.exd5 cxd5 4.c4 Nf6 5.Nc3 e6 
6.Nf3 Be7 7.c5 O-O 8.Bd3 Nc6 9.a3 b6 10.b4 bxc5 
11.dxc5 a6 12.Bf4 Nd7 13.Qc2 e5 14.Bxh7+ Kh8 
15.Bg3 e4 16.Nxe4 dxe4 17.Bxe4 Bb7 18.Rd1 Qc8 
19.Bf5 Ncb8 20.Bxb8 Qxb8 21.Rxd7 Bxf3 22.O-O Ra7 
23.Rxa7 Qxa7 24.gxf3 g6 25.Qb2+ Kg8 26.Bd3 a5 
27.Re1 Rb8 28.Qe5 Bf8 29.Re4 Bg7 30.Qg5 Qd7 31.Bc4 
Qf5 32.Qg3 Rf8 33.b5 Qxc5 34.Qxg6 Qxa3 35.Rh4 Qc1+ 
36.Kg2 Qxc4 37.Qh7+ 1-0